000 00794nam a22001337a 4500
008 220729b |||||||| |||| 00| 0 eng d
020 _a9993617091
082 _a294.3 TSH
100 _aTshering, Gonpa
245 _aབྱང་ཆུབ་བཀའ་འབུམ་ལས། དཔལ་ལྡན་བླ་མའི་མན་ངག་སེམས་ཉིད་ཆོས་སྐུའི་ངོ་སྤྲོད་ཕྱག་རྫོགས་དབུ་གསུམ་གྱི་མན་ངག་གཅིག་ཏུ་བསྡུས་པ་བདུད་རྩིའི་སྙིང་པོ་ཞེས་བྱ་བ་་བཞུགས་སོ།
260 _aThimphu :
_bNational Library and Archives of Bhutan,
_c2008
300 _aix, 125 p.
_c24 cm.
942 _2ddc
999 _c9053
_d9054